[Event "Regionalliga Sued-West 1819"]
[Site "Bayern"]
[Date "2018.10.21"]
[Round "1.8"]
[White "Wesely, Wolfgang"]
[Black "Wexel, Matthias"]
[Result "1-0"]
[WhiteElo "1970"]
[BlackElo "1154"]
[PlyCount "77"]
[EventDate "2018.10.21"]
[EventType "team-tourn"]
[EventRounds "9"]
[EventCountry "GER"]
[SourceTitle "EXT 2022"]
[Source "ChessBase"]
[SourceDate "2021.10.06"]
[SourceVersion "1"]
[SourceVersionDate "2021.10.06"]
[SourceQuality "1"]
[WhiteTeam "Altstadt Roter Turm"]
[BlackTeam "Tuerkheim/Bad Woerishofen"]
[WhiteTeamCountry "GER"]
[BlackTeamCountry "GER"]

1. e4 e5 2. Nf3 Nc6 3. Bb5 Nge7 4. 0-0 d5 5. exd5 Qxd5 6. Nc3 Qc5 7. d4 exd4 8. Nxd4 Bd7 9. Nb3 Qf5 10. Qe2 Qe6 11. Be3 Nf5 12. Bc4 Qg6 13. Bxa7+ Be7 14. Bc5 0-0 15. Bxe7 Rfe8 16. Nd5 Rac8 17. Bd3 Be6 18. Nf4 Qh6 19. Nxe6 Nfxe7 20. Nec5 b6 21. Ne4 Ng6 22. Bb5 Re6 23. Bxc6 Rxc6 24. Nd4 Nf4 25. Qg4 Re6 26. Nxe6 Nxe6 27. Rad1 Rf8 28. Qf5 c5 29. Rd6 g6 30. Nf6+ Kg7 31. Qe5 Qh4 32. Nd7+ f6 33. Qxe6 Rf7 34. Nxb6 f5 35. Rd7 Rxd7 36. Qxd7+ Kh6 37. Qd2+ f4 38. g3 Qh3 39. Qxf4+ 1-0

[Event "Regionalliga SW 1314"]
[Site "Bayern"]
[Date "2014.04.06"]
[Round "9.7"]
[White "Ruether, Rudolf"]
[Black "Wesely, Wolfgang"]
[Result "1-0"]
[WhiteElo "2043"]
[BlackElo "1885"]
[PlyCount "67"]
[EventDate "2013.10.13"]
[EventType "team-tourn"]
[EventRounds "9"]
[EventCountry "GER"]
[SourceTitle "EXT 2015"]
[Source "ChessBase"]
[SourceDate "2014.11.20"]
[SourceVersion "1"]
[SourceVersionDate "2014.11.20"]
[SourceQuality "1"]
[WhiteTeam "Muenchen Siemens"]
[BlackTeam "Muenchen RTA"]
[WhiteTeamCountry "GER"]
[BlackTeamCountry "GER"]

1. d4 Nf6 2. c4 g6 3. Nc3 Bg7 4. e4 d6 5. f3 0-0 6. Be3 e5 7. d5 Nh5 8. Qd2 f5 9. exf5 gxf5 10. Bd3 Nd7 11. 0-0-0 Rf7 12. Nge2 Nf8 13. Rdg1 Ng6 14. h4 Bd7 15. Bc2 Qf8 16. g4 fxg4 17. fxg4 Nhf4 18. h5 Nxe2+ 19. Nxe2 Nf4 20. Nc3 Qe7 21. Ne4 Raf8 22. g5 Nxh5 23. Qh2 Rf3 24. Qxh5 Rxe3 25. Qxh7+ Kf7 26. Qh5+ Kg8 27. Nf6+ Rxf6 28. gxf6 Qxf6 29. Rf1 Re1+ 30. Rxe1 Qf4+ 31. Kb1 Bg4 32. Qe8+ Bf8 33. Qg6+ Bg7 34. Rh8+ 1-0

[Event "Regionalliga SW 1314"]
[Site "Bayern"]
[Date "2013.12.15"]
[Round "4.6"]
[White "Kwan, Michael"]
[Black "Wesely, Wolfgang"]
[Result "1-0"]
[WhiteElo "2080"]
[BlackElo "1885"]
[PlyCount "129"]
[EventDate "2013.10.13"]
[EventType "team-tourn"]
[EventRounds "9"]
[EventCountry "GER"]
[SourceTitle "EXT 2015"]
[Source "ChessBase"]
[SourceDate "2014.11.20"]
[SourceVersion "1"]
[SourceVersionDate "2014.11.20"]
[SourceQuality "1"]
[WhiteTeam "Muenchen 36"]
[BlackTeam "Muenchen RTA"]
[WhiteTeamCountry "GER"]
[BlackTeamCountry "GER"]

1. Nf3 d5 2. c4 e6 3. g3 Nf6 4. Bg2 Be7 5. b3 Ne4 6. Bb2 Bf6 7. d4 0-0 8. 0-0 c5 9. e3 Nc6 10. Nbd2 Nxd2 11. Qxd2 cxd4 12. exd4 a5 13. cxd5 exd5 14. Ne5 Be6 15. Rac1 Qb6 16. Kh1 a4 17. Nxc6 bxc6 18. b4 a3 19. Bc3 Rfb8 20. Rb1 Bf5 21. Rb3 Ra4 22. Re1 Qb5 23. Qc1 Rba8 24. Rxa3 Be4 25. Rxa4 Bxg2+ 26. Kxg2 Qxa4 27. a3 h5 28. Bb2 h4 29. Qd1 Qb5 30. Qg4 c5 31. Qe2 Qxe2 32. Rxe2 cxb4 33. axb4 hxg3 34. hxg3 Ra4 35. Bc3 Ra3 36. Rc2 Rb3 37. Kf1 Be7 38. Bd2 Bf6 39. Rc5 Bxd4 40. Rxd5 Bc3 41. Bxc3 Rxc3 42. b5 Kf8 43. b6 Rb3 44. Rd8+ Ke7 45. Rb8 Rb2 46. b7 Kf6 47. Kg2 Rb3 48. f3 g6 49. Kf2 Ke7 50. Ke2 Kd6 51. Rd8+ Kc7 52. Rf8 Kxb7 53. Rxf7+ Kc8 54. Rf6 g5 55. g4 Rb5 56. Rf5 Rxf5 57. gxf5 Kd7 58. Ke3 Ke7 59. Kd4 Kf6 60. Ke4 Kg7 61. Ke5 Kf7 62. f6 Kf8 63. Kf5 Kg8 64. Kxg5 Kh7 65. Kf5 1-0